| 000 -ლიდერი |
| ფიქსირებული სიგრძის საკონტროლო ველი |
01079nam a2200229Ia 4500 |
| 001 - საკონტროლო ნომერი |
| საკონტროლო ველი |
2818 |
| 003 - საკონტროლო ნომრის იდენტიფიკატორი |
| საკონტროლო ველი |
GE_BSU |
| 005 - ბოლო ოპერაციის თარიღი და დრო |
| საკონტროლო ველი |
20190507103034.0 |
| 008 - ფიქსირებული სიგრძის მონაცემთა ელემენტები - ზოგადი ინფორმაცია |
| ფიქსირებული სიგრძის საკონტროლო ველი |
181216s2004||||ge |||||||||||||| ||geo|| |
| 040 ## - კატალოგიზაციის წყარო |
| Transcribing agency |
GE_BSU |
| 041 ## - ენის კოდი |
| Language code of text/sound track or separate title |
geo |
| 080 ## - უნივერსალური ათობითი კლასიფიკაციის ინდექსი |
| Universal Decimal Classification number |
330.1(076) გ–19 |
| 245 ## - ცნობა სათაურის შესახებ |
| Title |
გამოყენებითი ეკონომიკა= Junior Achirement-Applied Economics:დამხმარე სახელმძღ. / |
| Statement of responsibility, etc |
ინგ. თარგმნა გიორგი მელაძემ ; რედ : ეკა გეგეშიძე |
| 250 ## - გამოცემის ცნობა |
| Edition statement |
ქართ. თარგმნა. 1 გამოცემა |
| 264 ## - წარმოების, გამოცემის, დისტრიბუციის და სხვა ცნობები |
| გამოცემის, წარმოების, დისტრიბუციის... ადგილი |
თბილისი .: |
| გამოცემის, წარმოების, დისტრიბუციის... სახელწოდება |
სომა პრესს, |
| გამოცემის, წარმოების, დისტრიბუციის... თარიღი |
2004. |
| 300 ## - ფიზიკური აღწერა |
| Extent |
205 გვ ; |
| Dimensions |
28 სმ. |
| 653 ## - INDEX TERM--UNCONTROLLED |
| Uncontrolled term |
გამოყენებითი ეკონომიკა |
| 653 ## - INDEX TERM--UNCONTROLLED |
| Uncontrolled term |
ეკონომიკა |
| 700 ## - ADDED ENTRY--PERSONAL NAME |
| Personal name |
მელაძე, გიორგი |
| Relator term |
მთარგმნელი |
| 9 (RLIN) |
826 |
| 700 ## - ADDED ENTRY--PERSONAL NAME |
| Personal name |
გეგეშიძე, ევა |
| Relator term |
რედაქტორი |
| 9 (RLIN) |
827 |
| 942 ## - ADDED ENTRY ELEMENTS (KOHA) |
| Koha item type |
წიგნი |
| Source of classification or shelving scheme |
|